01396nam a22003497a 4500003000500000005001700005008004100022010001000063011001000073035001000083040000900093082001600102100003300118245014700151260009300298300001000391490005100401590004100452590004100493590004100534590004200575650003700617650004500654650003600699700002700735830004900762901000700811942001000818949006500828999001700893952013600910CHAP20220817043328.0971013s1982 r 00010 d a72069 a73041 a82598 cCHAP a634.772bA300aAguirre, Juan Antonio.93063 aAlgunos aspectos económicos en el control de sigatoka negra (Mycosphaerella fijiensis var. Difformis) en el cultivo de plátano en México aSan José, C.R. :bInstituto Interamericano de Cooperación para la Agricultura,c1982 a42 h. aIICA. Serie publicaciones misceláneasv; 368 aBATCH-UPDb10c20130110lUCH01h0540 aBATCH-UPDb10c20130410lUCH01h0221 aBATCH-UPDb10c20130913lUCH01h2319 aCONVERSIONb10c20130109lUCH01h133914aMycosphaerella fijiensis.97993314aPlátanoxAspectos económicos.98920614aPlátanoxEnfermedades.9892310 aKoch, Cristian.9635790 aIICA. Serie publicaciones miscelaneasv; 368 aBK cLIBRO a634.772 A3bBCcLIBROd33724000206298eLIBROh6009i82598si c72069d72069 00102ddc4052708GRALaBCbBCcPP_GRALd2019-12-31fLIBROl0o634.772 A3p33724000206298r2019-12-31 00:00:00w2019-12-31yLIBRO